000 00355nam a2200133Ia 4500
005 20251222143234.0
008 251222s9999||||xx |||||||||||||| ||spa||
020 _a968-16-1680-4
082 _a332.41/T48
100 _aThorp, Rosemary
245 0 _aInflación y Estabilización en América Latina
264 _bFondo de Cultura Económica
942 _cLIB
999 _c14310
_d14310